| 000 | 00647cam a2200241 4500 | ||
|---|---|---|---|
| 001 | M1236 | ||
| 008 | 090401t1985 xxu||||| |||| 00| 0 eng d | ||
| 035 | _a(Sirsi) u30698 | ||
| 041 | _aeng | ||
| 050 | _a692.30994 | ||
| 110 |
_aBuilding Owners and Managers Association of Australia Limited _92295 |
||
| 245 | _aBOMA method for the measurement of buildings. | ||
| 250 | _aRevised ed. | ||
| 260 |
_bBOMA _c1985 |
||
| 300 | _a10p. ; 30cm. | ||
| 350 | _a0 | ||
| 650 | _aAUSTRALIA | ||
| 650 | _aRICS CODE OF MEASURING PRACTICE | ||
| 650 |
_aMeasurement _96256 |
||
| 690 | _aOVERSEAS-REST OF THE WORLD | ||
| 942 | _n0 | ||
| 948 | _c04/03/1997 | ||
| 999 |
_c89504 _d89504 |
||